241219 - Quiz quotidien du 19 décembre 2024 - Statistiques

Statistiques générales
  • Ce quiz a été pris 52 fois
  • Le résultat moyen est 7 sur 10
Statistiques - réponses
Question Réponse % Correct
Lequel de ces fruits n'est PAS un fruit réel ? Fruit de feu
100%
Quel pays est connu pour cultiver des pastèques cubiques qui peuvent se vendre à plus de 100 $ ? Japon
100%
Dans quelle œuvre de fiction un enfant espiègle est-il transformé en une énorme myrtille ? Charlie et la Chocolaterie
75%
Quel est le surnom de New York City ? La Grosse Pomme
75%
Lequel de ces fruits est une "drupe" ? Pêche
75%
Qui a enregistré la chanson *Raspberry Beret* ? Prince
75%
Quel fruit est connu pour souvent interférer avec les médicaments sur ordonnance ? Pamplemousse
50%
Quel est le plus gros agrume ? Pomélo
50%
Lequel de ces fruits est généralement récolté en secouant les arbres avec un secoueur mécanique ? Cerises
25%
Quelle famille est dépeinte dans le roman de John Steinbeck *Les Raisins de la colère* ? Joad
25%
Aucun quiz correspondant
Distribution des résultats
% des personnes avec chaque résultat
Percentile par nombre de réponses
Votre historique - résultats
Vous n’avez pas pris ce quiz